[Event "16th Delhi GM Open 2018"]
[Site "Delhi"]
[Date "2018.01.13"]
[Round "7"]
[White "Harsha Bharathakoti"]
[Black "Gomes, Mary Ann"]
[Result "1-0"]
[WhiteElo "2451"]
[BlackElo "2328"]
[Annotator "TA"]
[PlyCount "107"]
[EventDate "2018.??.??"]
[EventType "swiss"]
[EventCountry "IND"]
[SourceTitle "playchess.com"]
[Source "ChessBase"]
[SourceQuality "1"]

{[%evp 30,107,38,32,39,36,42,26,56,35,61,58,51,59,79,84,58,63,116,110,141,137,168,177,168,179,177,167,253,249,262,245,989,0,186,0,333,335,304,273,258,260,238,242,224,213,450,463,527,0,192,0,497,192,177,0,441,0,179,170,159,164,148,138,152,143,152,152,136,139,139,0,126,0,0,0,72,95,29997,29998]} 1. c4 c5 2. Nf3 Nf6 3. Nc3 g6 4. e4 Bg7 5. d4 cxd4 6. Nxd4 Nc6 7. Be3 O-O 8. Be2 Nxd4 9. Bxd4 d6 10. O-O Bd7 11. Qd2 Bc6 12. f3 Nd7 13. Be3 a5 14. b3 Nc5 15. Rab1 e6 16. Bd1 {LiveBook: 10 Games. B38: Sicilian: Maroczy Bind with 5...Bg7 and 7...0-0} (16. a3 Be5 17. b4 axb4 18. axb4 Ra3 19. bxc5 Rxc3 20. f4 Bg7 21. e5 dxe5 22. Qxc3 exf4 23. Qd2 Qg5 {0-1 (43) Bu,X (2730)-Savchenko,B (2566) Riadh 2017}) 16... Qe7 17. Bc2 Rfd8 18. Rfd1 {White is slightly better.} Be5 19. a3 Qh4 20. h3 $1 Qe7 21. Bg5 {[#]} Bf6 $146 ({Predecessor:} 21... f6 22. Be3 g5 23. b4 axb4 24. axb4 {½-½ (51) Bachmann,A (2614)-Felgaer,R (2580) Asuncion 2015}) 22. Bxf6 Qxf6 23. f4 b6 (23... e5 $14) 24. Qe3 e5 25. f5 gxf5 26. exf5 Kh8 27. b4 axb4 28. axb4 Rg8 (28... Na4 $142) 29. Rd2 $1 $18 Nd7 30. Be4 Nc5 $2 (30... Rac8 31. Rbd1 Qg7) 31. Bc2 $2 (31. bxc5 Bxe4 32. Nxe4 Qxf5 33. Rf1) 31... Nd7 32. Be4 $2 (32. b5 $1 $18 {[%cal Rb5c6]} Bb7 33. Be4 Bxe4 34. Nxe4 Qxf5 35. Rf1 (35. Rxd6 Ra2 $11)) 32... Bxe4 $4 {[%mdl 8192]} (32... Nc5 $1 $11 {and Black has nothing to worry.}) 33. Nxe4 (33. Qxe4 Qg5 $14) 33... Qxf5 34. Rf1 Qg6 {...d5! would now be nice for Black.} 35. Nxd6 f6 36. c5 bxc5 37. bxc5 {Black must now prevent c6.} Ra6 $2 (37... e4 38. Qxe4 (38. Nxe4 Rae8 $16) 38... Ne5) 38. Nf5 Qe8 39. Nd6 $2 (39. Rfd1 Nf8 40. Nh6) 39... Qg6 $1 40. Nf5 $2 (40. Kh2) 40... Qe8 $1 41. Rd6 $2 (41. Rfd1) 41... Qa8 {[%csl Gg8][%cal Ra8g2]} (41... Rxd6 42. Nxd6 Qe6 43. Rd1) 42. Rd2 $2 (42. Rf2 Rxd6 43. cxd6 (43. Nxd6 Qd5 $16)) 42... Qe8 $1 (42... Ra2 $6 43. Rxa2 Qxa2 44. g4 $16) 43. Rd6 (43. Rfd1 $142 Qe6 44. Nh6 (44. Rxd7 Qxf5 45. g4 Qc2 $16)) 43... Qa8 $1 {[%csl Gg8][%cal Ra8g2]} ({Much weaker is} 43... Rxd6 $6 44. Nxd6 Qe6 45. Rd1 $16) 44. c6 Rxc6 {( -> ...Rc2)} 45. Rxd7 Rxg2+ 46. Kxg2 Rc2+ 47. Kg3 {Threatening mate with Rxh7+!} Qg2+ 48. Kh4 {White wants to mate with Rd8+.} Rc4+ 49. Nd4 $1 Qxf1 50. Rd8+ Kg7 {[#] And now ...Qg2 would win.} 51. Qg3+ ({Only move:} 51. Kh5 $1 Qd1+ 52. Qe2 Qxe2+ 53. Nxe2) 51... Kh6 $16 52. Qe3+ Kg7 {[#] Hoping for ...Qg2.} 53. Kh5 $1 {Qh6+ would kill now.} Rxd4 $4 {[%mdl 8192]} (53... Qd1+ $16 54. Qe2 Qxe2+ 55. Nxe2 Kf7) 54. Qg3+ {Precision: White = 49%, Black = 44%.} 1-0

[Event "16th Delhi GM Open 2018"]
[Site "Delhi"]
[Date "2018.01.13"]
[Round "7"]
[White "Gusain, Himal"]
[Black "Koustav Chatterjee"]
[Result "0-1"]
[WhiteElo "2450"]
[BlackElo "2288"]
[Annotator "TA"]
[PlyCount "90"]
[EventDate "2018.??.??"]
[EventType "swiss"]
[EventCountry "IND"]
[SourceTitle "playchess.com"]
[Source "ChessBase"]
[SourceQuality "1"]

{[%evp 17,90,26,47,40,43,9,0,-21,-8,-18,-19,-50,-13,-121,-134,-115,-119,-154,-96,-99,-119,-119,-79,-102,-93,-208,-203,-185,-185,-241,-226,-344,-345,-338,1732,-29998,0,-336,-334,-802,-794,-2747,-3322,-1935,-1798,-1476,-1652,-1406,-1353,-1178,-894,-883,-860,-1108,-1096,-1095,-1096,-1089,-912,-1071,-824,-406,-1062,-2127,-1486,-1910,-1402,-29980,-7279,-6183,-1415,-6337,-6337,-29976,-29976]} 1. e4 c5 2. Nf3 e6 3. d4 cxd4 4. Nxd4 Nc6 5. Nc3 Qc7 6. Be3 a6 7. a3 Nf6 8. f4 d6 9. Qf3 Bd7 {LiveBook: 5 Games. B82: Sicilian Scheveningen: 6 f4} (9... Nxd4 10. Bxd4 b5 11. Bd3 Bb7 12. Bxf6 gxf6 13. f5 Be7 14. O-O Qc5+ 15. Kh1 h5 16. fxe6 fxe6 17. a4 {1-0 (32) Grischuk,A (2783)-Cori Tello,J (2641) Tbilisi 2017}) 10. Be2 Be7 11. O-O-O Rc8 {The position is equal.} 12. f5 $146 ({Predecessor:} 12. g4 Nxd4 13. Rxd4 d5 14. exd5 Nxd5 15. Bd2 Bc6 16. Ne4 Bf6 17. Rc4 b5 18. Rxc6 Qxc6 {½-½ (41) Zhalmakhanov,R (2211)-Sam,G (2069) Khanty-Mansiysk 2016}) 12... Nxd4 13. Rxd4 O-O 14. Kb1 Qa5 15. g4 (15. Bc1 $11) 15... Rxc3 $17 16. bxc3 {Threatening g5.} d5 17. exd5 {White wants to play d6.} Nxd5 (17... Bxa3 $142 18. Rhd1 exd5 19. Rxd5 Qxc3) 18. Rxd5 exd5 19. Rd1 Bc6 {White must now prevent ...d4.} 20. Bd4 Bxa3 21. f6 (21. g5 $17 {was called for.}) 21... g6 $19 22. Bd3 Re8 23. Qf2 (23. Qf1 {might work better.}) 23... Bb5 24. Bb6 (24. Re1 $142) 24... Qxc3 {[%csl Ga3][%cal Rc3b2]} 25. Qd4 Qa5 $4 {[%mdl 8192]} (25... Qc6 $19 26. Ba7 Bd6) 26. Qf2 $4 {[%mdl 8192]} (26. Bxa5 $18 Bc6 27. Re1) 26... Qc3 $2 (26... Qb4+ {mates} 27. Ka2 Qb2#) 27. Qd4 Qc6 28. g5 $2 (28. Ba7) 28... Bxd3 29. Rxd3 Re1+ 30. Ka2 {[#]} Bb4 $1 {[%mdl 512]} 31. Kb2 (31. Qxb4 Qxc2+) 31... Re2 32. Kb3 a5 {[%csl Ge2][%cal Rc6c2]} 33. c3 Bf8 {( -> ...Qb5+)} 34. Bxa5 Re4 35. Qxe4 dxe4 36. Rd8 Qe6+ 37. Kb2 {[#]} h6 $1 38. Bb4 (38. gxh6 e3) 38... hxg5 39. Rxf8+ {[%mdl 4096] Endgame KQ-KRB} Kh7 40. Kc2 e3 {[%cal Be4e3,Be3e2][%mdl 32]} 41. Kd1 Qxf6 42. Bc5 Qf2 (42... Qf1+ $142 43. Kc2 Qf5+ 44. Kb2 Qxc5 45. Ra8 e2 46. Ra1 Qf2 47. Ka3 Qa7+ 48. Kb2 Qf2 49. Kb3 e1=Q 50. Rxe1 Qxe1 51. Kc4 Qe2+ 52. Kb4 Qxh2 53. Kb5 g4 54. Kb4 g3 55. Kb5 g2 56. Kb4 g1=Q 57. Kb5 Qd6 58. c4 Qb1+ 59. Ka5 Qdb4#) 43. Kc1 Qd2+ 44. Kb1 e2 {[%cal Re2e1]} 45. Rxf7+ Kg8 {Precision: White = 26%, Black = 66%.} 0-1

[Event "16th Delhi GM Open 2018"]
[Site "Delhi"]
[Date "2018.01.13"]
[Round "7"]
[White "Dzhumaev, Marat"]
[Black "Neelash Saha"]
[Result "1-0"]
[WhiteElo "2434"]
[BlackElo "2105"]
[Annotator "TA"]
[PlyCount "49"]
[EventDate "2018.??.??"]
[EventType "swiss"]
[EventCountry "IND"]
[SourceTitle "playchess.com"]
[Source "ChessBase"]
[SourceQuality "1"]

{[%evp 19,49,0,0,0,0,-8,38,38,145,111,94,105,89,70,96,38,46,40,51,56,40,-50,-46,-81,-81,-72,1714,1627,29989,-305,2082,2066]} 1. e4 c5 2. Nf3 e6 3. Nc3 Nc6 4. d4 cxd4 5. Nxd4 Qc7 6. Be3 a6 7. Be2 Nf6 8. O-O Bb4 9. Na4 Be7 10. c4 Nxe4 11. Bf3 {B49: Sicilian: Taimanov: 5 Nc3 Qc7 6 Be3 a6 7 Be2} (11. c5 O-O 12. Rc1 Rb8 13. g3 Bg5 14. f4 Bh6 15. Bf3 f5 16. Bxe4 fxe4 17. Nxc6 bxc6 18. Qd6 Qxd6 19. cxd6 e5 20. Rc4 {½-½ (47) Fressinet,L (2662)-Rapport,R (2707) Riadh 2017}) 11... Ng5 12. c5 Nxd4 $146 ({Predecessor:} 12... O-O 13. Be2 Ne4 14. Bf3 Nf6 15. Rc1 Rd8 16. Nb6 Rb8 17. Qb3 g6 18. g3 e5 {0-1 (42) Sanchez,M-Marques,V (2260) Santa Barbara d'Oeste 1998}) 13. Bxd4 {White is slightly better.} Qf4 (13... d6 $14) 14. Be2 {[%mdl 1024] White has strong compensation.} b5 15. Nb6 ({Not} 15. Bxg7 $2 Rg8 $19) 15... Rb8 16. Be3 ({Inferior is} 16. Bxg7 Rg8 $17) 16... Qc7 {[#]} 17. Qc1 ({White should try} 17. a4 $1 $16) 17... Ne4 $14 {[%cal Re7c5]} 18. Bf4 $36 {[%mdl 2048] White fights for an advantage.} Bd6 19. Bxd6 Nxd6 20. Qf4 (20. Rd1 $14 Ne4 21. b4) 20... Qxc5 $15 21. Nxc8 Rxc8 22. Rac1 Qb4 $2 {[%mdl 8192] [#]} (22... g5 $17 23. Qd2 (23. Qxd6 $2 Qxd6 24. Rxc8+ Ke7 $19) 23... Nc4 24. Bxc4 bxc4) 23. Rxc8+ Ke7 24. Rxh8 $4 {[%mdl 8192]} (24. Qg5+ {mates} f6 25. Qxg7+ Nf7 26. Rxh8 Kd6 27. Qf8+ Kc6 28. Rc1+ Qc4 29. Bxc4) 24... Qxb2 $4 {[%mdl 8192]} (24... Qxf4 $19 25. Ra8 Qa4) 25. Bf3 {Precision: White = 46%, Black = 32%.} 1-0

[Event "16th Delhi GM Open 2018"]
[Site "Delhi"]
[Date "2018.01.13"]
[Round "7"]
[White "Nitin, S.."]
[Black "Gareyev, Timur"]
[Result "1/2-1/2"]
[WhiteElo "2422"]
[BlackElo "2605"]
[Annotator "TA"]
[PlyCount "55"]
[EventDate "2018.??.??"]
[EventType "swiss"]
[EventCountry "IND"]
[SourceTitle "playchess.com"]
[Source "ChessBase"]
[SourceQuality "1"]

{[%evp 20,55,58,52,47,0,0,0,-1,-19,0,25,43,36,36,30,41,35,39,46,23,25,40,41,44,37,55,46,70,0,31,30,108,0,0,0,0,0]} 1. e4 c5 2. Nf3 d6 3. d4 cxd4 4. Nxd4 Nf6 5. Nc3 g6 6. Be3 Bg7 7. f3 Nc6 8. Qe2 O-O 9. O-O-O d5 10. Qe1 e6 {[%cal Be7e6,Be6e5][%mdl 32]} 11. h4 h5 {B76: Sicilian Dragon: Yugoslav Attack, 9 g4 and 9 0-0-0} (11... Qc7 12. exd5 Nxd5 13. Ndb5 Qe5 14. Bc5 Qxe1 15. Rxe1 Rd8 16. Nxd5 Rxd5 17. Be3 Rd7 18. Be2 a6 19. Nc3 b5 {1-0 (59) Harikrishna,P (2737)-Grandelius,N (2628) Germany 2015}) 12. Be2 (12. g4 $5) 12... e5 $1 {[%cal Re5d4]} 13. Nxc6 bxc6 14. exd5 cxd5 15. Bg5 $146 ({Predecessor:} 15. Bc4 d4 16. Bg5 Qc7 17. Nd5 Nxd5 18. Bxd5 Rb8 19. Bb3 {1-0 (59) Penas Hernandez,Y (2005)-Orriols Miro,C (1920) Spain 1999}) 15... Be6 16. Bc4 $1 {[#] aiming for Nxd5!} Qc7 17. Bxf6 dxc4 18. Bxg7 Kxg7 19. g4 hxg4 20. h5 $36 {[%mdl 2048] Black must now prevent Qh4. White has some pressure.} g5 21. fxg4 f6 22. Qe4 {Rhf1 is the strong threat.} Kh8 23. Nd5 Qh7 24. Qg6 ({Of course not} 24. Qxc4 Rac8 $15) (24. Nxf6 $1 $14 Qxe4 25. Nxe4) 24... Qg7 25. Ne3 c3 (25... Rad8 $11) 26. Rd6 (26. bxc3 $16 {Strongly threatening Rd6.} Rab8 27. Rd6) 26... Qb7 $11 27. Qh6+ Kg8 28. Qg6+ {Precision: White = 66%, Black = 59%.} 1/2-1/2

[Event "16th Delhi GM Open 2018"]
[Site "Delhi"]
[Date "2018.01.13"]
[Round "7"]
[White "Akash Pc, Iyer"]
[Black "Tiviakov, Sergei"]
[Result "1/2-1/2"]
[WhiteElo "2415"]
[BlackElo "2584"]
[Annotator "TA"]
[PlyCount "67"]
[EventDate "2018.??.??"]
[EventType "swiss"]
[EventCountry "IND"]
[SourceTitle "playchess.com"]
[Source "ChessBase"]
[SourceQuality "1"]

{[%evp 23,67,-11,-5,-22,0,-11,0,0,0,0,0,0,0,0,0,-25,0,-91,-107,-111,-106,-117,-111,-103,-106,-132,-122,-117,-132,-116,-110,-104,0,0,0,0,0,-165,0,-158,0,-134,0,-143,0,-157]} 1. d4 Nf6 2. c4 e6 3. Nc3 Bb4 4. e3 O-O 5. Bd3 d5 6. Nf3 b6 7. a3 Bxc3+ 8. bxc3 Ba6 9. cxd5 Bxd3 10. Qxd3 Qxd5 11. O-O c5 12. Re1 {E53: Nimzo-Indian: Rubinstein: Main Line (4...0-0 5 Nf3 d5 6 Bd3 c5 7 0-0)} Qe4 {LiveBook: 3 Games} 13. Qe2 Rc8 14. Bb2 Nbd7 15. Rac1 {[#]} Rc7 $146 ({Predecessor:} 15... h6 16. Nd2 Qb7 17. e4 cxd4 18. cxd4 Rxc1 19. Rxc1 Rc8 20. Rxc8+ Qxc8 {1-0 (60) Speelman,J (2610)-Ehlvest,J (2650) Linares 1991}) 16. Nd2 Qb7 17. e4 Rac8 18. Qd3 b5 19. f3 c4 20. Qe2 (20. Qe3 $1 $11 {remains equal.}) 20... e5 $17 21. Ba1 a5 {[%cal Ba7a5,Ba5b4][%mdl 32]} 22. Nf1 exd4 $1 23. cxd4 b4 24. axb4 axb4 25. Ne3 c3 26. Nf5 Rd8 27. Qe3 {With the idea Qg5.} g6 ({Better is} 27... Ra8 $17 28. d5 Ne5 29. Bxc3 bxc3 30. Rxc3 g6) 28. e5 $1 $11 {[%cal Re5f6]} Ne8 {And now ...Kh8 would win.} ({Avoid the trap} 28... gxf5 $2 29. Qg5+ Kf8 30. exf6 $18) 29. Qg5 f6 30. Nh6+ $2 {[#]} (30. exf6 $1 $11 {and White is okay.} Ndxf6 31. Nh6+ Kg7 32. Rxe8 $1 {[%mdl 512]} Rxe8 33. Nf5+ Kg8 34. Nh6+ Kg7 35. Nf5+ Kg8 36. Nh6+ Kg7) 30... Kg7 $2 (30... Kf8 $1 $19 31. exf6 Nexf6) 31. Nf5+ $2 ({White must play} 31. exf6+ $11 Ndxf6 {[#]} 32. Rxe8 $1 {[%mdl 512]} Rxe8 33. Nf5+ Kg8 34. Nh6+ Kg7 35. Nf5+ Kg8 36. Nh6+ Kg7) 31... Kg8 32. Nh6+ Kg7 33. Nf5+ Kg8 34. Nh6+ {Precision: White = 59%, Black = 62%.} 1/2-1/2

[Event "16th Delhi GM Open 2018"]
[Site "Delhi"]
[Date "2018.01.13"]
[Round "7"]
[White "Mohammad Nubairshah Shaikh"]
[Black "David, Alberto"]
[Result "1/2-1/2"]
[WhiteElo "2380"]
[BlackElo "2553"]
[Annotator "TA"]
[PlyCount "37"]
[EventDate "2018.??.??"]
[EventType "swiss"]
[EventCountry "IND"]
[SourceTitle "playchess.com"]
[Source "ChessBase"]
[SourceQuality "1"]

{[%evp 22,37,-6,-18,0,-1,6,-31,-21,-23,0,0,2,-8,0,-7,0,0]} 1. d4 Nf6 2. c4 e6 3. Nc3 Bb4 4. e3 O-O 5. Nge2 d5 6. a3 Be7 7. cxd5 exd5 8. g3 a5 9. Bg2 Na6 {[%cal Bb8a6,Ba6c7,Bc7e6][%mdl 32]} 10. O-O c6 11. Qc2 {E46: Nimzo-Indian: Rubinstein: 4 e3 0-0 5 Ne2 without early Bd3} (11. f3 c5 12. Nf4 Nc7 13. Na4 cxd4 14. exd4 Ne6 15. Re1 Re8 16. Nxe6 Bxe6 17. Bf1 Bd7 18. Be3 Bc6 19. Qb3 {½-½ (50) Tomashevsky,E (2708)-Khairullin,I (2620) Irkutsk 2010}) 11... Nc7 12. Bd2 {LiveBook: 8 Games} Ne6 13. Rad1 b5 14. Bc1 Ba6 $146 ({Predecessor:} 14... b4 15. Na4 Ba6 16. Rfe1 Qb8 17. axb4 axb4 {1-0 (31) Manolache,M (2546)-Levine,Y (2068) Aix les Bains 2011}) 15. Rfe1 Rc8 16. e4 {[%cal Be3e4,Be4e5,Be5f6][%mdl 32] The position is equal.} b4 17. axb4 axb4 18. e5 $1 {[%cal Re5f6]} bxc3 19. exf6 1/2-1/2

[Event "16th Delhi GM Open 2018"]
[Site "Delhi"]
[Date "2018.01.13"]
[Round "7"]
[White "Navalgund, Niranjan"]
[Black "Gupta, Abhijeet"]
[Result "0-1"]
[WhiteElo "2312"]
[BlackElo "2610"]
[Annotator "TA"]
[PlyCount "104"]
[EventDate "2018.??.??"]
[EventType "swiss"]
[EventCountry "IND"]
[SourceTitle "playchess.com"]
[Source "ChessBase"]
[SourceQuality "1"]

{[%evp 10,104,56,28,33,0,43,0,12,-10,35,4,12,13,10,0,0,0,0,0,32,23,16,24,24,16,28,12,29,27,51,52,64,51,94,100,109,97,100,55,70,53,44,34,89,82,77,70,99,-48,-43,-109,250,0,0,-109,-97,-140,-153,-345,-337,-340,-324,-383,-383,-558,0,-221,0,-574,-525,-29987,0,-308,0,-817,-810,-868,-393,-29999,0,-849,0,-29999,0,-782,0,-295,-355,-517,-463,-514,-496,-500,-499,-508,-486]} 1. d4 Nf6 2. c4 Nc6 3. Nc3 e5 4. d5 Ne7 5. h4 Neg8 (5... h5 6. Bg5 Ng6 7. e3 Be7 8. Bd3 d6 9. Nf3 Nf8 10. Nd2 Ng4 11. Bxe7 Qxe7 12. Qe2 f5 {1-0 (65) Ivanchuk,V (2771)-Bauer,C (2664) Cap d'Agde 2012}) 6. e3 {LiveBook: 3 Partien. A50: Damenindisch (ohne e7-e6)} Bc5 7. Bd3 a6 $146 ({Vorgänger:} 7... c6 8. Nge2 Ne7 9. Bc2 d6 10. Ng3 Bb4 11. e4 h6 12. Nf1 b5 {1-0 (48) David,A (2390)-Zajic,M (2499) Arad 2017}) 8. Nf3 {Weiß steht etwas besser.} d6 9. Qc2 Qe7 10. a3 Nh6 11. Ng5 Nhg4 12. Nge4 Nxe4 13. Nxe4 Ba7 14. Ng3 h5 15. Qe2 g6 16. f3 Nf6 17. e4 Nd7 18. Bd2 Bd4 19. Rb1 b5 20. cxb5 Nc5 $1 21. Bc4 {Droht stark b4.} axb5 22. Bxb5+ Bd7 23. b4 Na4 24. Rb3 O-O 25. Bxd7 Qxd7 26. Be3 c5 (26... Nc3 $14 27. Qd2 Bxe3 28. Qxe3 Nb5) 27. dxc6 $1 $16 Qxc6 28. O-O Rfc8 29. Kh2 (29. Bxd4 $16 exd4 30. Qd3) 29... Nc3 $15 {[%mdl 1024] Schwarz hat Kompensation.} 30. Qd3 ({Lieber} 30. b5 $1 $15 Qxb5 31. Rxb5 Nxe2 32. Nxe2 Bxe3 33. Rb3) 30... Na4 $2 {[%mdl 8192]} (30... Qa4 $17 {bleibt auf Kurs.} 31. Rb2 Qxa3) 31. Qe2 $2 (31. Bxd4 $18 exd4 32. Qxd4) 31... Nc3 $17 32. Qd3 {[#] Und weiter mit Tc1 wäre nett.} Qa4 33. Bxd4 Qxb3 34. Bxc3 $2 (34. Bf2 $17) 34... Qxc3 $19 (34... Rxc3 $2 35. Qxd6 Qe6 36. Qd2 $17) 35. Qxd6 Rxa3 ({Nicht} 35... Qxa3 36. Qxe5 Qxb4 37. Rd1 $17) 36. Qf6 Ra2 37. Rg1 (37. Qg5 $142 Qd2 38. Qxd2 Rxd2 39. Rg1) 37... Raa8 $2 ({Günstiger ist} 37... Qe3 $19 {...Df4 ist eine echte Drohung.} 38. b5 Qf4 39. Qxf4 exf4) 38. Rf1 $2 (38. Qg5 $1 $11) 38... Ra2 $2 ({Jedoch nicht} 38... Qxb4 39. Rd1 $17) (38... Qd4 39. Qg5 Qd8) 39. Rg1 Qe3 40. Rf1 Qc3 $2 (40... Rxg2+ {setzt Matt} 41. Kxg2 Rc2+ 42. Kh3 Qd2 43. Qd8+ Qxd8 44. Nh1 Qd3 45. Rf2 Rxf2 46. Nxf2 Qxf3+ 47. Kh2 Qxf2+ 48. Kh1 f5 49. exf5 gxf5 50. b5 f4 51. b6 f3 52. b7 Qg2#) 41. Rg1 Qe3 $2 $40 {[%mdl 128] Schwarz greift an.} ({Viel schwächer ist} 41... Qxb4 42. Qg5 $19) (41... Rc6 $19 42. Qd8+ Kg7) 42. Qxe5 $2 {[%mdl 8192]} (42. Rf1 $11 Qf4 43. Qxf4 exf4 44. Nh1) 42... Qxf3 43. Qg5 Qg4 (43... Rc3 $142 44. b5 Kh7) 44. Qe5 $2 {[#]} (44. Qxg4 $19 hxg4 45. e5) 44... Qf3 (44... Qxh4# $142) 45. Qg5 $1 Qg4 (45... Rc3 $19 46. b5 Rb3) 46. Qe5 $1 Qf3 (46... Qxh4# $142) 47. Qg5 $1 Qg4 $2 (47... Rc3 $19 48. b5 Rb3) 48. Qxg4 $4 {[%mdl 8192]} (48. Qe5 $1 $11 Qxh4#) 48... hxg4 49. Nf1 (49. e5 {ist wohl besser.}) 49... Rc3 {[%csl Gg4][%cal Rc3h3] Schwarz steht klar auf Gewinn.} 50. Ng3 Kg7 51. Rb1 Rcc2 52. Rg1 Rab2 {Precision: Weiß = 35%, Schwarz = 43%.} 0-1

[Event "16th Delhi GM Open 2018"]
[Site "Delhi"]
[Date "2018.01.13"]
[Round "7"]
[White "Navalgund, Niranjan"]
[Black "Gupta, Abhijeet"]
[Result "*"]
[WhiteElo "2312"]
[BlackElo "2610"]
[Annotator "TA"]
[PlyCount "24"]
[EventDate "2018.??.??"]
[EventType "swiss"]
[EventCountry "IND"]
[SourceTitle "playchess.com"]
[Source "ChessBase"]
[SourceQuality "1"]

{[%evp 10,11,54,23]} 1. d4 Nf6 2. c4 Nc6 3. Nc3 e5 4. d5 Ne7 5. h4 Neg8 (5... h5 6. Bg5 Ng6 7. e3 Be7 8. Bd3 d6 9. Nf3 Nf8 10. Nd2 Ng4 11. Bxe7 Qxe7 12. Qe2 f5 {1-0 (65) Ivanchuk,V (2771)-Bauer,C (2664) Cap d'Agde 2012}) 6. e3 {LiveBook: 3 Games. A50: Queen's Fianchetto Defence (1 d4 Nf6 2 c4 b6)} {Predecessor:} Bc5 $146 7. Bd3 c6 8. Nge2 Ne7 9. Bc2 d6 10. Ng3 Bb4 11. e4 h6 12. Nf1 b5 {1-0 (48) David,A (2390)-Zajic,M (2499) Arad 2017} *

[Event "16th Delhi GM Open 2018"]
[Site "Delhi"]
[Date "2018.01.13"]
[Round "7"]
[White "Sankalp Gupta"]
[Black "Solodovnichenko, Yuri"]
[Result "1-0"]
[WhiteElo "2303"]
[BlackElo "2571"]
[Annotator "TA"]
[PlyCount "81"]
[EventDate "2018.??.??"]
[EventType "swiss"]
[EventCountry "IND"]
[SourceTitle "playchess.com"]
[Source "ChessBase"]
[SourceQuality "1"]

{[%evp 13,81,37,19,20,50,37,50,35,46,42,40,43,36,37,50,26,25,38,28,12,3,11,10,35,22,20,13,0,0,0,37,-27,-14,-25,-3,-43,0,-42,51,41,43,37,47,56,211,203,215,204,258,234,220,184,178,183,194,210,739,737,734,734,727,720,705,706,970,968,986,925,907,887]} 1. e4 c5 2. Nf3 Nc6 3. d4 cxd4 4. Nxd4 e6 5. Nc3 d6 6. Be3 Nf6 7. f4 Be7 {LiveBook: 380 Games} 8. Qe2 {B82: Sicilian Scheveningen: 6 f4} (8. Qf3 Qc7 9. O-O-O a6 10. g4 Nd7 11. g5 b5 12. Bd3 Nc5 13. Kb1 Bb7 14. h4 Rc8 15. h5 Nxd4 16. Bxd4 b4 17. Ne2 e5 18. Bxc5 Qxc5 {½-½ (39) Yu,Y (2724)-Hou,Y (2673) Caleta 2015}) 8... Nxd4 9. Bxd4 O-O 10. O-O-O {White is slightly better.} Qa5 11. Qe1 $146 ({Predecessor:} 11. Qb5 Qxb5 12. Nxb5 e5 13. fxe5 dxe5 14. Bxe5 Nxe4 15. Re1 Bg5+ {0-1 (65) Sanchez,J (2533)-Solodovnichenko,Y (2557) Milan 2012}) 11... b6 12. Kb1 Bb7 13. Bd3 Rfd8 14. Rg1 Rac8 15. g4 {[%cal Bg2g4,Bg4g5][%mdl 32]} Qb4 16. g5 (16. Be3 {seems wilder.} Rxc3 17. Qxc3 Qxc3 18. bxc3 Nxe4 19. Bd4) 16... Qxd4 {[#]} 17. Ba6 $1 {[%mdl 512] [#]} Qxg1 $1 {[%mdl 512]} (17... Bxa6 18. Rxd4) 18. Qxg1 Bxa6 19. gxf6 Bxf6 20. Qg3 Bb7 $1 21. Qe3 Rc5 22. Rd2 (22. e5 $14 Be7 23. Ne4 Bxe4 24. Qxe4) 22... h6 23. Rd3 Rdc8 24. Qe1 R8c6 25. Qd2 (25. e5 $5 dxe5 26. Ne4 Rxc2 27. Nxf6+ gxf6 28. fxe5 $15) 25... Kh7 (25... Rc7 $15) 26. e5 $1 $36 {[%cal Re5f6][%mdl 2048] Black is under pressure.} dxe5 27. Rd7 $1 {[%csl LRb7,LRf7]} Rc7 28. Qd3+ Kg8 $2 (28... e4 $1 $14 29. Nxe4 Bxe4 30. Qxe4+ Kg8 31. Rxc7 Rxc7) 29. Rxc7 $18 Rxc7 30. Qd6 Re7 31. fxe5 Bg5 32. Nb5 {[%mdl 1024] White has strong compensation.} Re8 33. Qc7 Bd5 34. Nd6 ({But not} 34. Nxa7 Bf4 $16) 34... Re7 $2 (34... Rf8 35. c4 (35. Qxa7 Bf4 $16) 35... Ba8) 35. Qd8+ {White is clearly winning.} Kh7 {[#]} 36. h4 $1 {[%mdl 512]} Bxh4 37. Nc8 Rb7 38. Qxh4 g5 39. Qf2 Rd7 40. Nd6 f5 41. exf6 {Precision: White = 71%, Black = 39%.} 1-0

[Event "16th Delhi GM Open 2018"]
[Site "Delhi"]
[Date "2018.01.13"]
[Round "7"]
[White "Sankalp Gupta"]
[Black "Solodovnichenko, Yuri"]
[Result "*"]
[WhiteElo "2303"]
[BlackElo "2571"]
[Annotator "TA"]
[PlyCount "13"]
[EventDate "2018.??.??"]
[EventType "swiss"]
[EventCountry "IND"]
[SourceTitle "playchess.com"]
[Source "ChessBase"]
[SourceQuality "1"]

{[%evp 11,13,30,35,0]} 1. e4 c5 2. Nf3 Nc6 3. d4 cxd4 4. Nxd4 e6 5. Nc3 d6 6. Be3 Nf6 7. Bc1 $146 {B80: Sicilian Scheveningen: 6 g3 and 6 Be3, including English Attack} ({Predecessor:} 7. Qd2 Be7 8. f3 O-O 9. O-O-O d5 10. Be2 a6 11. Kb1 Qc7 12. exd5 Nxd5 13. Nxd5 exd5 14. Nb3 Rd8 15. Bg5 d4 16. h4 Be6 17. Bd3 a5 18. Bxe7 Qxe7 {½-½ (34) Giri,A (2752)-Van Wely,L (2657) Amstelveen 2017}) *